Statistics for FC Barcelona Record Transfers

Click here to take the quiz!

General Stats

  • This quiz has been taken 1,383 times
    (1,143 since last reset)
  • The average score is 8 of 10

Answer Stats

Year Country Position From Transfer Fee Answer % Correct
2014-2015UruguayFWLiverpool81M€Luis Suarez
100%
2013-2014BrazilFWSantos57,1M€Neymar
99%
2009-2010SwedenFWInter Milan69,5M€Zlatan Ibrahimovic
96%
2015-2016TurkeyMDAtlético Madrid34M€Arda Turan
90%
2011-2012SpainMDArsenal34M€Cesc Fabregas
80%
2008-2009BrazilDFFC Sevilla35,5M€Dani Alves
79%
2010-2011SpainFWValencia40M€David Villa
78%
2003-2004BrazilFWPSG32,25M€Ronaldinho
76%
2000-2001NetherlandsFWArsenal40M€Marc Overmars
42%
2001-2002ArgentinaFWRiver Plate35,9M€Javier Saviola
32%

Score Distribution

Percentile by Number Answered

Percent of People with Each Score

Your Score History

You have not taken this quiz since the last reset